[Event "GER CM04-C email"]
[Site "GER email"]
[Date "2017.06.26"]
[Round "?"]
[White "Timko, Viktor"]
[Black "Claridge, John B"]
[Result "0-1"]
[WhiteElo "2354"]
[BlackElo "2352"]
[PlyCount "132"]
[EventDate "2017.??.??"]
[EventType "tourn (corr)"]
[EventRounds "10"]
[EventCountry "GER"]
[SourceTitle "Corr 2020"]
[Source "ChessBase"]
[SourceDate "2019.09.30"]
[SourceVersion "1"]
[SourceVersionDate "2019.09.30"]
[SourceQuality "1"]

1. d4 d5 2. c4 e6 3. Nf3 c6 4. e3 f5 5. Nc3 Nf6 6. Be2 Bd6 7. 0-0 Nbd7 8. Ng5 Qe7 9. f4 0-0 10. a4 a5 11. Qc2 Ne4 12. Ngxe4 fxe4 13. c5 Bc7 14. Nd1 g5 15. Kh1 Qg7 16. g3 Kh8 17. Bd2 Rg8 18. Nf2 gxf4 19. exf4 b6 20. cxb6 Bxb6 21. Qxc6 Rb8 22. Rad1 Bxd4 23. Bxa5 Bb6 24. b4 Bxa5 25. bxa5 Bb7 26. Qxe6 d4 27. Qd6 d3 28. Bxd3 exd3+ 29. Kg1 Rbd8 30. Rxd3 Nf6 31. Qxd8 Rxd8 32. Rxd8+ Ng8 33. Re1 Bc6 34. a6 Qc7 35. Rd4 Ba8 36. Re6 Bf3 37. Kf1 Qc1+ 38. Re1 Qc6 39. a7 Qa6+ 40. Rd3 Bh5 41. g4 Bf7 42. Kg2 Qxa7 43. Re4 Nf6 44. Red4 Qc5 45. a5 Bc4 46. Rd1 Be2 47. Rd8+ Kg7 48. g5 Qc6+ 49. Kg1 Ne4 50. Nxe4 Qxe4 51. Re1 Qe3+ 52. Kg2 Qf3+ 53. Kg1 Bb5 54. Rd2 Qxf4 55. Rf2 Qg4+ 56. Rg2 Qd4+ 57. Rf2 Bc6 58. Kf1 Qd7 59. Re3 Qd1+ 60. Re1 Bb5+ 61. Rfe2 Bxe2+ 62. Kf2 Qxe1+ 63. Kxe1 Ba6 64. Kf2 Kg6 65. h4 Kh5 66. Kg3 Bc8 0-1

[Event "GER CM04-C email"]
[Site "GER email"]
[Date "2017.06.26"]
[Round "?"]
[White "Timko, Viktor"]
[Black "Geissler, Walter"]
[Result "1-0"]
[WhiteElo "2354"]
[BlackElo "2348"]
[PlyCount "93"]
[EventDate "2017.??.??"]
[EventType "tourn (corr)"]
[EventRounds "10"]
[EventCountry "GER"]
[SourceTitle "Corr 2020"]
[Source "ChessBase"]
[SourceDate "2019.09.30"]
[SourceVersion "1"]
[SourceVersionDate "2019.09.30"]
[SourceQuality "1"]

1. d4 Nf6 2. c4 e6 3. Nc3 Bb4 4. e3 0-0 5. Bd3 d5 6. Nf3 b6 7. 0-0 Bb7 8. cxd5 exd5 9. a3 Bd6 10. b4 Nbd7 11. Qb3 a6 12. a4 c6 13. Ba3 b5 14. a5 Re8 15. Nd2 Nf8 16. Rae1 Ng6 17. Re2 Bc8 18. Qc2 Nh5 19. Ree1 Nh4 20. f4 g6 21. Nd1 Nf6 22. g3 Nf5 23. Nf3 Ra7 24. Ne5 Rc7 25. Nf2 h5 26. Qd2 Bf8 27. Rc1 Bd7 28. Bxf5 Bxf5 29. Nxc6 Qc8 30. Ne5 Ne4 31. Nxe4 Bxe4 32. Rxc7 Qxc7 33. Rc1 Qe7 34. Rc3 Qe6 35. Rc6 Qh3 36. Rxa6 Bg7 37. Qf2 Bxe5 38. fxe5 Rc8 39. Rb6 Bf5 40. Qf1 Qg4 41. e6 h4 42. exf7+ Kxf7 43. Qf4 Qd1+ 44. Qf1 Qd2 45. Qf2 Qd3 46. Qf3 Qb1+ 47. Qf1 1-0

[Event "GER CM04-C email"]
[Site "GER email"]
[Date "2017.06.26"]
[Round "?"]
[White "Timko, Viktor"]
[Black "Lipecki, Alexander"]
[Result "1/2-1/2"]
[WhiteElo "2354"]
[BlackElo "2341"]
[PlyCount "65"]
[EventDate "2017.??.??"]
[EventType "tourn (corr)"]
[EventRounds "10"]
[EventCountry "GER"]
[SourceTitle "Corr 2020"]
[Source "ChessBase"]
[SourceDate "2019.09.30"]
[SourceVersion "1"]
[SourceVersionDate "2019.09.30"]
[SourceQuality "1"]

1. d4 d5 2. Nf3 Nc6 3. c4 Bg4 4. Nc3 e6 5. cxd5 exd5 6. a3 Nf6 7. Ne5 Nxe5 8. dxe5 Ne4 9. Qxd5 Qxd5 10. Nxd5 0-0-0 11. Ne3 Be6 12. b4 c5 13. f3 Nc3 14. Bd2 cxb4 15. axb4 Bxb4 16. Nc2 Rxd2 17. Kxd2 Rd8+ 18. Ke1 Bc5 19. e3 b5 20. Nd4 Bxd4 21. exd4 Rxd4 22. Rxa7 Kb8 23. Ra1 b4 24. Kf2 b3 25. Ke3 b2 26. Rb1 Rb4 27. Bd3 Nxb1 28. Bxb1 h5 29. Kd2 h4 30. Bc2 Ba2 31. Bb1 Bd5 32. Bc2 Ba2 33. Bb1 1/2-1/2

[Event "GER CM04-C email"]
[Site "GER email"]
[Date "2017.06.26"]
[Round "?"]
[White "Timko, Viktor"]
[Black "Smirnovs, Aleksandrs"]
[Result "1/2-1/2"]
[WhiteElo "2354"]
[BlackElo "2371"]
[PlyCount "56"]
[EventDate "2017.??.??"]
[EventType "tourn (corr)"]
[EventRounds "10"]
[EventCountry "GER"]
[SourceTitle "Corr 2020"]
[Source "ChessBase"]
[SourceDate "2019.09.30"]
[SourceVersion "1"]
[SourceVersionDate "2019.09.30"]
[SourceQuality "1"]

1. d4 d5 2. c4 c6 3. Nf3 Nf6 4. Nc3 e6 5. e3 Nbd7 6. Bd3 dxc4 7. Bxc4 b5 8. Be2 Bb7 9. 0-0 Be7 10. a3 a5 11. Qc2 0-0 12. Rd1 Qb8 13. Nd2 Rc8 14. b3 c5 15. Bxb5 cxd4 16. exd4 Bxg2 17. Kxg2 Qxb5 18. Qxh7+ Kxh7 19. Nxb5 a4 20. bxa4 Rxa4 21. Nf3 Nd5 22. Ne5 Nxe5 23. dxe5 Rcc4 24. h3 Bc5 25. Ra2 Kg8 26. Rb2 Ra8 27. Re1 Rca4 28. Rc2 Bf8 1/2-1/2